[Event "NAPZ corr"]
[Site "corr"]
[Date "1998.??.??"]
[Round "?"]
[White "Tilghman, Jeffrey L"]
[Black "Pickard, Sid B"]
[Result "1-0"]
[WhiteElo "2440"]
[BlackElo "2205"]
[PlyCount "51"]
[EventDate "1998.??.??"]
[EventType "tourn (corr)"]
[EventRounds "5"]
[SourceTitle "Corr 2000"]
[Source "ChessBase"]
[SourceDate "2000.04.19"]
[SourceVersion "1"]
[SourceVersionDate "2000.04.19"]
[SourceQuality "1"]

1. e4 Nc6 2. d4 d5 3. Nc3 Nf6 4. e5 Nd7 5. e6 fxe6 6. Nf3 g6 7. Bf4 e5 8. dxe5 Nb6 9. Nb5 a6 10. Nbd4 Nxd4 11. Qxd4 Bg7 12. 0-0-0 0-0 13. Bg5 h6 14. Be3 g5 15. Qd2 e6 16. Qd4 Qe8 17. h4 Qh5 18. g4 Qe8 19. Rh3 c5 20. Qxc5 Nd7 21. Qd6 h5 22. Nh2 Bxe5 23. Qa3 Nf6 24. hxg5 Nxg4 25. Nxg4 hxg4 26. Rh4 1-0

[Event "USCF 1993 Absolute-ch corr"]
[Site "USA"]
[Date "1994.??.??"]
[Round "?"]
[White "Shea, Quinlan"]
[Black "Tilghman, Jeffrey L"]
[Result "0-1"]
[WhiteElo "2387"]
[BlackElo "2339"]
[PlyCount "90"]
[EventDate "1993.??.??"]
[EventType "tourn (corr)"]
[EventRounds "12"]
[EventCountry "USA"]
[SourceTitle "Corr 2006"]
[Source "ChessBase"]
[SourceDate "2006.04.01"]
[SourceVersion "3"]
[SourceVersionDate "2006.04.01"]
[SourceQuality "1"]

1. d4 Nf6 2. c4 g6 3. Nc3 d5 4. cxd5 Nxd5 5. e4 Nxc3 6. bxc3 Bg7 7. Bb5+ Bd7 8. Be2 c5 9. Nf3 Bg4 10. Rb1 0-0 11. Rxb7 Nc6 12. Qa4 Qc8 13. Rb5 cxd4 14. Rc5 d3 15. Rxc6 Qe8 16. Bxd3 Bd7 17. Nd4 e5 18. Qa6 exd4 19. Rc7 dxc3 20. Rxa7 Rxa7 21. Qxa7 Bb5 22. Qe3 Qd7 23. Bxb5 Qxb5 24. Qe2 Qb1 25. 0-0 Re8 26. Re1 c2 27. a3 Bb2 28. Qb5 Bxc1 29. Qxe8+ Kg7 30. Qe5+ Kh6 31. Qc3 Bb2 32. Qd2+ g5 33. a4 Qxe1+ 34. Qxe1 c1Q 35. Qxc1 Bxc1 36. a5 Ba3 37. h3 Kg6 38. g3 Kf6 39. a6 Bc5 40. Kf1 Ke5 41. f3 Kd4 42. Ke2 f6 43. Kd2 h5 44. Ke2 Ba7 45. Kd2 h4 0-1